[Event "BCF-chT 0102 (4NCL)"]
[Site "Birmingham"]
[Date "2001.09.23"]
[Round "2.1"]
[White "Parker, Jonathan"]
[Black "Miles, Anthony John"]
[Result "1/2-1/2"]
[WhiteElo "2547"]
[BlackElo "2565"]
[PlyCount "38"]
[EventDate "2001.09.22"]
[EventType "team"]
[EventRounds "11"]
[EventCountry "ENG"]
[SourceTitle "CBM 084 Extra"]
[Source "ChessBase"]
[SourceDate "2001.10.26"]
[SourceVersion "1"]
[SourceVersionDate "2001.10.26"]
[SourceQuality "1"]
[WhiteTeam "Barbican"]
[BlackTeam "Slough"]
[WhiteTeamCountry "ENG"]
[BlackTeamCountry "ENG"]

1. d4 d5 2. c4 dxc4 3. e3 c5 4. Bxc4 cxd4 5. exd4 Qc7 6. Bb3 Bg4 7. f3 Bd7 8. Ne2 e6 9. 0-0 Nf6 10. Nbc3 Bd6 11. Kh1 0-0 12. Bg5 Be7 13. Qe1 Nc6 14. Rd1 Rfe8 15. Qh4 Qd8 16. Ne4 Nxe4 17. Bxe7 Qxe7 18. Qxe4 Rad8 19. Nc3 Qf6 1/2-1/2

[Event "BCF-chT 0102 (4NCL)"]
[Site "Birmingham"]
[Date "2001.09.22"]
[Round "1.1"]
[White "Miles, Anthony John"]
[Black "Ansell, Simon"]
[Result "1/2-1/2"]
[WhiteElo "2565"]
[BlackElo "2376"]
[PlyCount "35"]
[EventDate "2001.09.22"]
[EventType "team"]
[EventRounds "11"]
[EventCountry "ENG"]
[SourceTitle "CBM 084 Extra"]
[Source "ChessBase"]
[SourceDate "2001.10.26"]
[SourceVersion "1"]
[SourceVersionDate "2001.10.26"]
[SourceQuality "1"]
[WhiteTeam "Slough"]
[BlackTeam "Bristol"]
[WhiteTeamCountry "ENG"]
[BlackTeamCountry "ENG"]

1. d4 d5 2. Bf4 Nf6 3. e3 c6 4. c4 Bf5 5. Nc3 Qb6 6. Qb3 Nbd7 7. Nf3 Qxb3 8. axb3 a6 9. h3 h6 10. c5 g5 11. Bh2 Bg7 12. b4 0-0 13. Be2 Rfe8 14. 0-0 Ne4 15. Rfd1 e5 16. Kf1 Bg6 17. Nxe4 Bxe4 18. Nxe5 1/2-1/2

[Event "BCF-ch 88th"]
[Site "Scarborough"]
[Date "2001.08.03"]
[Round "5"]
[White "Rowson, Jonathan"]
[Black "Miles, Anthony John"]
[Result "1/2-1/2"]
[WhiteElo "2514"]
[BlackElo "2565"]
[PlyCount "93"]
[EventDate "2001.07.30"]
[EventType "swiss"]
[EventRounds "11"]
[EventCountry "ENG"]
[SourceTitle "CBM 083 Extra"]
[Source "ChessBase"]
[SourceDate "2001.09.11"]
[SourceVersion "1"]
[SourceVersionDate "2001.09.11"]
[SourceQuality "1"]

1. e4 e5 2. Nf3 Nc6 3. Bb5 Nf6 4. 0-0 Nxe4 5. d4 Nd6 6. Bxc6 dxc6 7. dxe5 Nf5 8. Qxd8+ Kxd8 9. Nc3 Bd7 10. Rd1 Kc8 11. Ng5 Be8 12. b3 b6 13. Bb2 Kb7 14. Rd3 Be7 15. Nge4 Rd8 16. Rad1 Kc8 17. h3 h5 18. Bc1 Rxd3 19. Rxd3 h4 20. Bg5 Rh5 21. Rf3 Nd4 22. Bxe7 Nxf3+ 23. gxf3 Rxe5 24. Ba3 f5 25. Ng5 Re1+ 26. Kg2 c5 27. f4 b5 28. Bxc5 Bc6+ 29. f3 Rc1 30. Bb4 Rxc2+ 31. Kg1 Bd7 32. Nd5 Rxa2 33. Bf8 a5 34. Bxg7 Rd2 35. Ne7+ Kb7 36. Ng6 c5 37. Kf1 a4 38. bxa4 bxa4 39. Ke1 Rh2 40. Bf8 c4 41. Kd1 Bb5 42. Bb4 Rb2 43. Bc3 Rb3 44. Kc2 Ra3 45. Kb2 Rb3+ 46. Kc2 Ra3 47. Kb2 1/2-1/2

[Event "Canadian op"]
[Site "Sackville"]
[Date "2001.07.14"]
[Round "9"]
[White "Miles, Anthony John"]
[Black "O'Donnell, Tom"]
[Result "1-0"]
[WhiteElo "2565"]
[BlackElo "2357"]
[PlyCount "105"]
[EventDate "2001.07.07"]
[EventType "swiss"]
[EventRounds "10"]
[EventCountry "CAN"]
[SourceTitle "EXT 2002"]
[Source "ChessBase"]
[SourceDate "2001.11.25"]
[SourceVersion "1"]
[SourceVersionDate "2001.11.25"]
[SourceQuality "1"]

1. d4 d5 2. Bf4 Nf6 3. e3 e6 4. Nd2 c5 5. Ngf3 Nc6 6. c3 Bd6 7. dxc5 Bxc5 8. Bd3 b6 9. 0-0 Bb7 10. Qe2 Bd6 11. Bxd6 Qxd6 12. e4 dxe4 13. Nxe4 Nxe4 14. Qxe4 0-0-0 15. Rad1 h6 16. Ba6 Qc7 17. Bxb7+ Qxb7 18. Ne5 Nxe5 19. Qxe5 g6 20. Rd4 Qc7 21. Qf6 Rhe8 22. Rfd1 Rxd4 23. Rxd4 Rd8 24. h4 Rxd4 25. Qxd4 h5 26. Kf1 Qd7 27. Qxd7+ Kxd7 28. Ke2 Kd6 29. Ke3 Kd5 30. b3 b5 31. Kd3 f6 32. Ke3 a5 33. Kd3 e5 34. Ke3 f5 35. Kd3 b4 36. Kc2 Ke4 37. cxb4 axb4 38. a4 bxa3 39. b4 Kd4 40. Kb3 e4 41. g3 f4 42. gxf4 Kd3 43. b5 Ke2 44. b6 Kxf2 45. b7 e3 46. b8Q e2 47. Qb6+ Kf1 48. Qb5 Kf2 49. Qc5+ Kf1 50. Qc4 Kf2 51. Qd4+ Kf1 52. Qd3 Kf2 53. Qd2 1-0

[Event "Canadian op"]
[Site "Sackville"]
[Date "2001.07.11"]
[Round "6"]
[White "Christiansen, Larry Mark"]
[Black "Miles, Anthony John"]
[Result "1/2-1/2"]
[WhiteElo "2570"]
[BlackElo "2565"]
[PlyCount "87"]
[EventDate "2001.07.07"]
[EventType "swiss"]
[EventRounds "10"]
[EventCountry "CAN"]
[SourceTitle "EXT 2002"]
[Source "ChessBase"]
[SourceDate "2001.11.25"]
[SourceVersion "1"]
[SourceVersionDate "2001.11.25"]
[SourceQuality "1"]

1. e4 e5 2. Nf3 Nc6 3. Bb5 Nf6 4. 0-0 Nxe4 5. d4 Nd6 6. Bxc6 dxc6 7. dxe5 Nf5 8. Qxd8+ Kxd8 9. Nc3 Bd7 10. b3 h6 11. Bb2 b6 12. Rad1 Kc8 13. Rd3 Be7 14. Rfd1 Be6 15. Ne2 c5 16. g4 Nh4 17. Nxh4 Bxh4 18. h3 c4 19. R3d2 h5 20. Nd4 Bg5 21. Re2 Bd5 22. e6 hxg4 23. Re5 Bf6 24. Rxd5 fxe6 25. Nxe6 Bxb2 26. hxg4 cxb3 27. cxb3 Re8 28. Rd8+ Kb7 29. Rxa8 Rxa8 30. Rd7 Be5 31. f4 Kc6 32. Rf7 Bb2 33. Kg2 Re8 34. Rxc7+ Kd6 35. Rc2 Bf6 36. Nc7 Re3 37. Kf2 Rh3 38. Ne8+ Kd5 39. Nxf6+ gxf6 40. Re2 a5 41. Kg2 Rc3 42. f5 b5 43. Rf2 Ke5 44. g5 1/2-1/2

[Event "EU-ch 2nd"]
[Site "Ohrid"]
[Date "2001.06.12"]
[Round "11"]
[White "Jaracz, Pawel"]
[Black "Miles, Anthony John"]
[Result "0-1"]
[WhiteElo "2484"]
[BlackElo "2562"]
[PlyCount "118"]
[EventDate "2001.06.01"]
[EventType "swiss"]
[EventRounds "13"]
[EventCountry "YUG"]
[SourceTitle "CBM 084"]
[Source "ChessBase"]
[SourceDate "2001.09.13"]
[SourceVersion "1"]
[SourceVersionDate "2001.09.13"]
[SourceQuality "1"]

1. e4 d6 2. Nc3 Nf6 3. f4 d5 4. e5 d4 5. Nce2 Nd5 6. d3 c5 7. Nf3 Nc6 8. g3 f5 9. Bg2 e6 10. c3 dxc3 11. bxc3 Be7 12. a3 0-0 13. 0-0 Qd7 14. Qc2 Rd8 15. Rd1 Qc7 16. c4 Nb6 17. Be3 Bd7 18. h3 Bf8 19. Nc3 a6 20. Kh2 Rab8 21. g4 Ne7 22. Rab1 Nbc8 23. Qf2 b6 24. d4 cxd4 25. Nxd4 fxg4 26. hxg4 Re8 27. Be4 Ng6 28. Bxg6 hxg6 29. Ne4 Be7 30. Kg3 Qb7 31. Qg2 Na7 32. c5 Bxc5 33. Qc2 Ba4 34. Nxc5 Bxc2 35. Nxb7 Bxb1 36. Nd6 Ba2 37. Nxe8 Rxe8 38. Nf3 Nc6 39. Rd7 Bd5 40. Nh4 g5 41. fxg5 Nxe5 42. Ra7 Nc4 43. Bd4 e5 44. Bc3 Nd6 45. Nf5 Ne4+ 46. Kh4 Nxc3 47. Rxg7+ Kf8 48. g6 Be6 49. Rh7 Ne4 50. Rc7 Bxf5 51. gxf5 Kg8 52. Rc6 Rf8 53. Kg4 Nf6+ 54. Kg5 e4 55. Rxb6 e3 56. Rb1 e2 57. Re1 Ne4+ 58. Kf4 Nc3 59. Rc1 Nd1 0-1

[Event "EU-ch 2nd"]
[Site "Ohrid"]
[Date "2001.06.09"]
[Round "8"]
[White "Miles, Anthony John"]
[Black "Bologan, Viktor"]
[Result "0-1"]
[WhiteElo "2562"]
[BlackElo "2676"]
[PlyCount "120"]
[EventDate "2001.06.01"]
[EventType "swiss"]
[EventRounds "13"]
[EventCountry "YUG"]
[SourceTitle "CBM 084"]
[Source "ChessBase"]
[SourceDate "2001.09.13"]
[SourceVersion "1"]
[SourceVersionDate "2001.09.13"]
[SourceQuality "1"]

1. d4 Nf6 2. Nf3 e6 3. Bf4 c5 4. e3 Qb6 5. Nc3 d5 6. Nb5 Na6 7. a4 Be7 8. h3 0-0 9. Be2 Bd7 10. 0-0 Bxb5 11. axb5 Nc7 12. dxc5 Bxc5 13. Qd3 Rfd8 14. Ra4 Bd6 15. Bxd6 Rxd6 16. Rfa1 Ne4 17. Ra5 a6 18. Nd2 Nxd2 19. Qxd2 Rb8 20. bxa6 Nxa6 21. b3 Nc7 22. Qc1 Rc6 23. c4 Na6 24. Qa3 dxc4 25. Bxc4 h6 26. Be2 Rc3 27. Rb5 Qc7 28. Bc4 Rc2 29. Qa5 Qxa5 30. Raxa5 Nc7 31. Rb6 Na8 32. Rd6 Kf8 33. e4 Ke7 34. e5 Nc7 35. Ra7 Rc1+ 36. Kh2 Re1 37. f4 g5 38. g3 Re4 39. Rb6 gxf4 40. gxf4 Rxf4 41. Rbxb7 Rxb7 42. Rxb7 Kd7 43. Rb8 Re4 44. Rh8 Rxe5 45. Rxh6 Nd5 46. Rh4 Ne3 47. Rd4+ Ke7 48. Ba6 Rc5 49. Re4 Rc2+ 50. Kg1 Nf5 51. b4 Rb2 52. Rc4 Nd6 53. Rh4 e5 54. Bf1 Nf5 55. Rc4 Kd6 56. b5 Nd4 57. Rc3 e4 58. Ra3 Nf3+ 59. Rxf3 exf3 60. h4 Ke5 0-1

[Event "EU-ch 2nd"]
[Site "Ohrid"]
[Date "2001.06.06"]
[Round "6"]
[White "Miles, Anthony John"]
[Black "Minasian, Ara"]
[Result "1-0"]
[WhiteElo "2562"]
[BlackElo "2478"]
[PlyCount "37"]
[EventDate "2001.06.01"]
[EventType "swiss"]
[EventRounds "13"]
[EventCountry "YUG"]
[SourceTitle "CBM 084"]
[Source "ChessBase"]
[SourceDate "2001.09.13"]
[SourceVersion "1"]
[SourceVersionDate "2001.09.13"]
[SourceQuality "1"]

1. d4 d5 2. Bf4 c5 3. e3 Nc6 4. c3 Qb6 5. Qb3 c4 6. Qc2 Bf5 7. Qxf5 Qxb2 8. Qxd5 Qc1+ 9. Ke2 Qb2+ 10. Kf3 Nf6 11. Qxc4 Qxa1 12. Qb3 0-0-0 13. Bb5 Na5 14. Qc2 a6 15. Bd3 e5 16. Bxe5 Nd7 17. Bf4 Be7 18. Nh3 g5 19. Nxg5 1-0

[Event "EU-ch 2nd"]
[Site "Ohrid"]
[Date "2001.06.02"]
[Round "2"]
[White "Miles, Anthony John"]
[Black "Roeder, Mathias"]
[Result "1-0"]
[WhiteElo "2562"]
[BlackElo "2459"]
[PlyCount "91"]
[EventDate "2001.06.01"]
[EventType "swiss"]
[EventRounds "13"]
[EventCountry "YUG"]
[SourceTitle "CBM 084"]
[Source "ChessBase"]
[SourceDate "2001.09.13"]
[SourceVersion "1"]
[SourceVersionDate "2001.09.13"]
[SourceQuality "1"]

1. b3 d5 2. Nf3 Bg4 3. e3 e6 4. Bb2 Nd7 5. d3 Ngf6 6. Nbd2 Bc5 7. h3 Bxf3 8. Nxf3 c6 9. Be2 Ba3 10. Qc1 Qa5+ 11. Nd2 Bxb2 12. Qxb2 0-0 13. c4 Qb6 14. 0-0 e5 15. cxd5 cxd5 16. Nf3 Qd6 17. Rac1 Rfc8 18. Rxc8+ Rxc8 19. Rc1 Rc6 20. d4 e4 21. Ne5 Rc7 22. Rxc7 Qxc7 23. Qa3 Nxe5 24. dxe5 Qxe5 25. Qxa7 h5 26. Qxb7 Qa1+ 27. Bf1 Qxa2 28. b4 d4 29. exd4 Qd2 30. b5 Qxd4 31. b6 e3 32. Qc8+ Kh7 33. b7 exf2+ 34. Kh1 Nd7 35. Qxd7 Qxd7 36. b8Q Qd1 37. Qb5 g6 38. Qc4 f5 39. Qc7+ Kh6 40. Qf4+ g5 41. Qxf2 f4 42. h4 Qg4 43. Qb6+ Kg7 44. Qc7+ Kf6 45. Qd6+ Kg7 46. Qe7+ 1-0

[Event "Capablanca Memorial Elite 36th"]
[Site "Havana"]
[Date "2001.05.14"]
[Round "8"]
[White "Hauchard, Arnaud"]
[Black "Miles, Anthony John"]
[Result "1/2-1/2"]
[WhiteElo "2526"]
[BlackElo "2562"]
[PlyCount "32"]
[EventDate "2001.05.05"]
[EventType "tourn"]
[EventRounds "12"]
[EventCountry "CUB"]
[EventCategory "13"]
[SourceTitle "CBM 084"]
[Source "ChessBase"]
[SourceDate "2001.09.13"]
[SourceVersion "1"]
[SourceVersionDate "2001.09.13"]
[SourceQuality "1"]

1. e4 d6 2. d4 Nf6 3. Bd3 e5 4. c3 g6 5. Nf3 Nbd7 6. 0-0 Bg7 7. Re1 0-0 8. Nbd2 b6 9. Nf1 Bb7 10. Ng3 Re8 11. Bg5 h6 12. Bd2 d5 13. exd5 exd4 14. Rxe8+ Nxe8 15. Nxd4 Bxd5 16. Be2 Ne5 1/2-1/2

[Event "Capablanca Memorial Elite 36th"]
[Site "Havana"]
[Date "2001.05.08"]
[Round "4"]
[White "Delgado Ramirez, Neuris"]
[Black "Miles, Anthony John"]
[Result "1/2-1/2"]
[WhiteElo "2481"]
[BlackElo "2562"]
[PlyCount "44"]
[EventDate "2001.05.05"]
[EventType "tourn"]
[EventRounds "12"]
[EventCountry "CUB"]
[EventCategory "13"]
[SourceTitle "CBM 084"]
[Source "ChessBase"]
[SourceDate "2001.09.13"]
[SourceVersion "1"]
[SourceVersionDate "2001.09.13"]
[SourceQuality "1"]

1. e4 d6 2. d4 Nf6 3. Nc3 c6 4. Bg5 Qb6 5. Qd2 h6 6. Bxf6 exf6 7. 0-0-0 Be7 8. f4 0-0 9. Nf3 f5 10. exf5 Bxf5 11. h3 Nd7 12. g4 Bh7 13. g5 hxg5 14. Nxg5 d5 15. Rg1 Bxg5 16. fxg5 Qc7 17. h4 Rfe8 18. h5 Nf8 19. Qf2 Qe7 20. Rg3 Rad8 21. Ne2 Be4 22. Nf4 Ne6 1/2-1/2

[Event "Capablanca Memorial Elite 36th"]
[Site "Havana"]
[Date "2001.05.05"]
[Round "1"]
[White "Miles, Anthony John"]
[Black "Nogueiras Santiago, Jesus"]
[Result "1/2-1/2"]
[WhiteElo "2562"]
[BlackElo "2557"]
[PlyCount "35"]
[EventDate "2001.05.05"]
[EventType "tourn"]
[EventRounds "12"]
[EventCountry "CUB"]
[EventCategory "13"]
[SourceTitle "CBM 084"]
[Source "ChessBase"]
[SourceDate "2001.09.13"]
[SourceVersion "1"]
[SourceVersionDate "2001.09.13"]
[SourceQuality "1"]

1. b3 d5 2. Nf3 Nf6 3. Bb2 e6 4. e3 Be7 5. d4 0-0 6. Bd3 b6 7. 0-0 Bb7 8. Nbd2 Nbd7 9. Ne5 Ne4 10. Nxd7 Qxd7 11. c4 Nxd2 12. Qxd2 dxc4 13. Bxc4 c5 14. Qe2 Qc6 15. Qg4 Bf6 16. Rfd1 Rfd8 17. Rac1 Qe8 18. Bf1 1/2-1/2

[Event "Crans Montana op"]
[Site "Crans Montana"]
[Date "2001.04.22"]
[Round "6"]
[White "Miles, Anthony John"]
[Black "Gheorghiu, Florin"]
[Result "1/2-1/2"]
[WhiteElo "2562"]
[BlackElo "2478"]
[PlyCount "113"]
[EventDate "2001.04.19"]
[EventType "swiss"]
[EventRounds "7"]
[EventCountry "SUI"]
[SourceTitle "EXT 2002"]
[Source "ChessBase"]
[SourceDate "2001.11.25"]
[SourceVersion "1"]
[SourceVersionDate "2001.11.25"]
[SourceQuality "1"]

1. d4 Nf6 2. Nf3 g6 3. c4 Bg7 4. Nc3 0-0 5. e4 d6 6. Be2 e5 7. 0-0 Nc6 8. d5 Ne7 9. Kh1 Nd7 10. g4 Nc5 11. Rg1 a5 12. Be3 Kh8 13. Ne1 f5 14. f3 fxe4 15. fxe4 c6 16. Nd3 cxd5 17. cxd5 b6 18. Nxc5 bxc5 19. Qd2 Rb8 20. Raf1 Bd7 21. Rxf8+ Qxf8 22. Rf1 Qc8 23. h3 Ng8 24. Rf2 Rb4 25. a3 Rb8 26. Bd1 Qb7 27. Ba4 Bxa4 28. Nxa4 Qb3 29. Nc3 Rf8 30. Qd1 Qb7 31. Rxf8 Bxf8 32. Qe2 Qb3 33. Kg2 h6 34. Kg3 Kg7 35. Bc1 Be7 36. h4 Nf6 37. Bxh6+ Kxh6 38. g5+ Kg7 39. gxf6+ Bxf6 40. Kg4 Qb7 41. a4 Qb4 42. h5 Qd4 43. hxg6 Kxg6 44. Qf1 Qe3 45. Qf5+ Kg7 46. Qf3 Qg5+ 47. Kh3 Qh6+ 48. Kg2 Qc1 49. Qf2 Bh4 50. Qe2 Qg5+ 51. Kf1 Qf4+ 52. Kg1 Kh6 53. Nd1 Qg3+ 54. Kf1 Qh3+ 55. Kg1 Qg3+ 56. Kf1 Qh3+ 57. Kg1 1/2-1/2

[Event "Crans Montana op"]
[Site "Crans Montana"]
[Date "2001.04.21"]
[Round "5"]
[White "Gerber, Richard"]
[Black "Miles, Anthony John"]
[Result "0-1"]
[WhiteElo "2432"]
[BlackElo "2562"]
[PlyCount "102"]
[EventDate "2001.04.19"]
[EventType "swiss"]
[EventRounds "7"]
[EventCountry "SUI"]
[SourceTitle "EXT 2002"]
[Source "ChessBase"]
[SourceDate "2001.11.25"]
[SourceVersion "1"]
[SourceVersionDate "2001.11.25"]
[SourceQuality "1"]

1. e4 Nc6 2. d4 e5 3. dxe5 Nxe5 4. Nf3 Bb4+ 5. c3 Nxf3+ 6. Qxf3 Bc5 7. Bc4 Qf6 8. Be3 Qxf3 9. gxf3 Be7 10. Rg1 g6 11. Bd4 Nf6 12. Na3 a6 13. Nc2 d6 14. Ne3 0-0 15. 0-0-0 Be6 16. Nf5 Bd8 17. Bb3 Re8 18. Ng3 Nd7 19. f4 Kf8 20. f5 Bxb3 21. axb3 Bg5+ 22. Kc2 Ne5 23. Bxe5 dxe5 24. Rd7 Re7 25. Rd5 Bh4 26. b4 c6 27. Rd6 Ree8 28. Rgd1 Red8 29. Rd7 Rab8 30. f3 Ke8 31. Rxd8+ Rxd8 32. Rxd8+ Kxd8 33. Nf1 Bg5 34. Kd3 Bf4 35. h3 Ke7 36. Ne3 Bxe3 37. Kxe3 Kf6 38. fxg6 fxg6 39. Kf2 Kg5 40. Kg3 b6 41. c4 c5 42. b5 axb5 43. cxb5 c4 44. h4+ Kf6 45. f4 h6 46. Kg4 exf4 47. Kxf4 g5+ 48. hxg5+ hxg5+ 49. Kg4 Ke5 50. Kxg5 Kxe4 51. Kf6 Kd5 0-1

[Event "BCF-chT 0001 (4NCL)"]
[Site "Birmingham"]
[Date "2001.03.18"]
[Round "8.1"]
[White "Miles, Anthony John"]
[Black "Mah, Karl"]
[Result "1-0"]
[WhiteElo "2564"]
[BlackElo "2404"]
[PlyCount "59"]
[EventDate "2000.09.??"]
[EventType "team"]
[EventRounds "11"]
[EventCountry "ENG"]
[SourceTitle "EXT 2002"]
[Source "ChessBase"]
[SourceDate "2001.11.25"]
[SourceVersion "1"]
[SourceVersionDate "2001.11.25"]
[SourceQuality "1"]
[WhiteTeam "Slough"]
[BlackTeam "WR"]
[WhiteTeamCountry "ENG"]
[BlackTeamCountry "ENG"]

1. Nf3 d5 2. b3 Bg4 3. e3 Nd7 4. Bb2 e6 5. d3 Ngf6 6. Nbd2 Bd6 7. h3 Bh5 8. g4 Bg6 9. g5 Nh5 10. Rg1 f6 11. Be2 Bf7 12. gxf6 g6 13. Ng5 Nhxf6 14. Nxf7 Kxf7 15. c4 Qf8 16. Qc2 c6 17. 0-0-0 Ba3 18. f4 Qc5 19. d4 Qa5 20. Bd3 Ke7 21. Kb1 Rae8 22. e4 Bxb2 23. Qxb2 Nh5 24. cxd5 cxd5 25. exd5 Nxf4 26. d6+ Kd8 27. Nc4 Qd5 28. Qc2 Nxd3 29. Ne5 N7c5 30. Rxd3 1-0

[Event "Carlos Torre Memorial op 13th"]
[Site "Merida"]
[Date "2000.12.21"]
[Round "8"]
[White "Miles, Anthony John"]
[Black "Hernandez Guerrero, Gilberto Eduardo"]
[Result "1/2-1/2"]
[WhiteElo "2584"]
[BlackElo "2572"]
[PlyCount "54"]
[EventDate "2000.12.15"]
[EventType "swiss"]
[EventRounds "9"]
[EventCountry "MEX"]
[SourceTitle "CBM 079 Extra"]
[Source "ChessBase"]
[SourceDate "2001.01.11"]
[SourceVersion "2"]
[SourceVersionDate "2001.01.25"]
[SourceQuality "1"]

1. d4 Nf6 2. Nf3 d6 3. Nc3 Nbd7 4. e4 e5 5. Bc4 Be7 6. 0-0 0-0 7. Re1 c6 8. a4 b6 9. d5 cxd5 10. Nxd5 Nxd5 11. Qxd5 Rb8 12. Qd3 Nc5 13. Qd1 Kh8 14. Bd5 f5 15. exf5 Bxf5 16. Be3 Qe8 17. c3 Qg6 18. b4 Nd3 19. Re2 e4 20. Nd2 Bf6 21. Ra3 Rbe8 22. f3 exf3 23. Nxf3 Be4 24. Bxe4 Qxe4 25. Raa2 Qc4 26. Rad2 Ne5 27. Nxe5 Bxe5 1/2-1/2

[Event "Carlos Torre Memorial op 13th"]
[Site "Merida"]
[Date "2000.12.20"]
[Round "7"]
[White "Filippov, Valerij"]
[Black "Miles, Anthony John"]
[Result "1-0"]
[WhiteElo "2593"]
[BlackElo "2584"]
[PlyCount "97"]
[EventDate "2000.12.15"]
[EventType "swiss"]
[EventRounds "9"]
[EventCountry "MEX"]
[SourceTitle "CBM 079 Extra"]
[Source "ChessBase"]
[SourceDate "2001.01.11"]
[SourceVersion "2"]
[SourceVersionDate "2001.01.25"]
[SourceQuality "1"]

1. Nf3 d5 2. d4 Nc6 3. c4 Bg4 4. cxd5 Bxf3 5. gxf3 Qxd5 6. e3 e6 7. Nc3 Qh5 8. Bg2 0-0-0 9. f4 Qxd1+ 10. Kxd1 Nce7 11. Ke2 Nf6 12. Bd2 Nf5 13. Rhc1 Kb8 14. b4 h6 15. Nb5 c6 16. Na3 g5 17. Nc4 gxf4 18. b5 fxe3 19. fxe3 Rg8 20. Bf3 cxb5 21. Rab1 Nd5 22. Rxb5 Nd6 23. Nxd6 Bxd6 24. e4 Nc7 25. Rh5 e5 26. dxe5 Ba3 27. Rc2 Ne6 28. Be3 Rc8 29. Rxc8+ Rxc8 30. Rxh6 Bb2 31. Bh5 Rc2+ 32. Kd3 Rxh2 33. Bxf7 Rxh6 34. Bxh6 Nd8 35. e6 Ba3 36. Kc4 Nc6 37. Bf4+ Kc8 38. Be8 Ne7 39. Bd7+ Kd8 40. Be3 Ng6 41. Ba4 a6 42. Bb6+ Kc8 43. Kd5 Kb8 44. Be8 Ne7+ 45. Ke5 Bb2+ 46. Kf4 Bf6 47. Bd7 Bh4 48. Kg4 Bf6 49. Bd8 1-0

[Event "Carlos Torre Memorial op 13th"]
[Site "Merida"]
[Date "2000.12.18"]
[Round "5"]
[White "Mikhalevski, Victor"]
[Black "Miles, Anthony John"]
[Result "0-1"]
[WhiteElo "2532"]
[BlackElo "2584"]
[PlyCount "118"]
[EventDate "2000.12.15"]
[EventType "swiss"]
[EventRounds "9"]
[EventCountry "MEX"]
[SourceTitle "CBM 079 Extra"]
[Source "ChessBase"]
[SourceDate "2001.01.11"]
[SourceVersion "2"]
[SourceVersionDate "2001.01.25"]
[SourceQuality "1"]

1. d4 d6 2. Nf3 Bg4 3. c4 Bxf3 4. exf3 e6 5. Nc3 Nd7 6. d5 e5 7. f4 exf4 8. Bxf4 Ngf6 9. Bd3 Be7 10. 0-0 0-0 11. Be3 Re8 12. f4 Nc5 13. Bc2 a5 14. g4 Bf8 15. Qf3 Rxe3 16. Qxe3 Nxg4 17. Qf3 Nf6 18. Kh1 g6 19. Qg2 Bg7 20. Rae1 Qd7 21. f5 Rf8 22. Re3 Qd8 23. fxg6 hxg6 24. b3 Ncd7 25. Nb5 Ne5 26. Nd4 Qd7 27. Rg3 Ne8 28. h3 Qe7 29. Qe4 Qd8 30. Qf4 Qf6 31. Qxf6 Nxf6 32. Nb5 Rc8 33. Rfg1 Nh5 34. Re3 Bh6 35. Re2 Nf4 36. Ree1 Nf3 37. Re7 Nxg1 38. Kxg1 Kf8 39. Rd7 Re8 40. Kf1 Re2 41. Bd1 Rd2 42. Bf3 Bg5 43. Rxc7 Bh4 44. Nxd6 Rf2+ 45. Ke1 Rxf3+ 46. Kd2 Be7 47. Nb5 Bb4+ 48. Kc2 Rf2+ 49. Kb1 b6 50. Rb7 Bc5 51. h4 Nd3 52. d6 Rb2+ 53. Ka1 Rd2 54. Kb1 Nf4 55. Kc1 Be3 56. Kb1 Ne6 57. Nc7 Rxd6 58. Rb8+ Nd8 59. Nd5 Bd4 0-1

[Event "Olympiad-34"]
[Site "Istanbul"]
[Date "2000.11.04"]
[Round "7.3"]
[White "Sulava, Nenad"]
[Black "Miles, Anthony John"]
[Result "1-0"]
[WhiteElo "2549"]
[BlackElo "2584"]
[PlyCount "91"]
[EventDate "2000.10.28"]
[EventType "team-swiss"]
[EventRounds "14"]
[EventCountry "TUR"]
[SourceTitle "EXT 2001"]
[Source "ChessBase"]
[SourceDate "2000.11.22"]
[SourceVersion "1"]
[SourceVersionDate "2000.11.22"]
[SourceQuality "1"]
[WhiteTeam "Croatia"]
[BlackTeam "England"]
[WhiteTeamCountry "CRO"]
[BlackTeamCountry "ENG"]

1. d4 e6 2. Nf3 c5 3. c4 cxd4 4. Nxd4 a6 5. g3 Qc7 6. b3 Nf6 7. Bg2 Bb4+ 8. Bd2 Be7 9. Nc3 Nc6 10. e3 0-0 11. 0-0 Rd8 12. Rc1 Ba3 13. Rb1 Be7 14. Qe2 b6 15. Rfc1 Bb7 16. Nd5 exd5 17. cxd5 Nxd4 18. exd4 Qd6 19. Bf4 Qa3 20. d6 Bxg2 21. dxe7 Re8 22. Kxg2 Nd5 23. Qf3 Nxe7 24. Rc7 Rad8 25. Re1 Rf8 26. Rc4 b5 27. Rc5 Nc8 28. Qc3 d6 29. Rc7 Qxa2 30. Kf1 b4 31. Qxb4 a5 32. Qb7 a4 33. Bg5 Qxb3 34. Bxd8 Qxb7 35. Rxb7 Rxd8 36. Rb8 Rf8 37. Ra1 Ne7 38. Rxf8+ Kxf8 39. Rxa4 g6 40. Ke2 h5 41. Kd3 Kg7 42. Ra6 Nf5 43. Ke4 Kf6 44. Kd5 Ke7 45. Ra7+ Ke8 46. Rb7 1-0

[Event "Olympiad-34"]
[Site "Istanbul"]
[Date "2000.10.30"]
[Round "3.3"]
[White "Miles, Anthony John"]
[Black "Barua, Dibyendu"]
[Result "1/2-1/2"]
[WhiteElo "2584"]
[BlackElo "2502"]
[PlyCount "43"]
[EventDate "2000.10.28"]
[EventType "team-swiss"]
[EventRounds "14"]
[EventCountry "TUR"]
[SourceTitle "EXT 2001"]
[Source "ChessBase"]
[SourceDate "2000.11.22"]
[SourceVersion "1"]
[SourceVersionDate "2000.11.22"]
[SourceQuality "1"]
[WhiteTeam "England"]
[BlackTeam "India"]
[WhiteTeamCountry "ENG"]
[BlackTeamCountry "IND"]

1. Nf3 d5 2. b3 Bf5 3. Bb2 e6 4. d3 h6 5. Nbd2 Nf6 6. g3 Bc5 7. Bg2 0-0 8. 0-0 c6 9. c4 Nbd7 10. a3 a5 11. Ra2 Bh7 12. Qa1 b5 13. Ne5 Nxe5 14. Bxe5 Rc8 15. Rc2 bxc4 16. bxc4 Qe7 17. Nb3 Bb6 18. Nd4 Ng4 19. Bxg7 Rfe8 20. cxd5 cxd5 21. Nc6 Qb7 22. Bd4 1/2-1/2

[Event "BCF-chT 0001 (4NCL)"]
[Site "Birmingham"]
[Date "2000.09.24"]
[Round "2.2"]
[White "Baburin, Alexander"]
[Black "Miles, Anthony John"]
[Result "0-1"]
[WhiteElo "2590"]
[BlackElo "2584"]
[PlyCount "60"]
[EventDate "2000.09.??"]
[EventType "team"]
[EventRounds "11"]
[EventCountry "ENG"]
[SourceTitle "EXT 2002"]
[Source "ChessBase"]
[SourceDate "2001.11.25"]
[SourceVersion "1"]
[SourceVersionDate "2001.11.25"]
[SourceQuality "1"]
[WhiteTeam "Wood Green"]
[BlackTeam "Slough"]
[WhiteTeamCountry "ENG"]
[BlackTeamCountry "ENG"]

1. d4 e6 2. c4 b6 3. a3 g6 4. Nc3 Bg7 5. e4 Ne7 6. Nf3 Bb7 7. Bd3 d6 8. 0-0 Nd7 9. Re1 h6 10. h3 a6 11. Be3 g5 12. Rc1 c5 13. d5 Ng6 14. Bc2 Qe7 15. Qd2 0-0 16. Rcd1 Nde5 17. Nxe5 Bxe5 18. Bd3 Qf6 19. Na4 Rab8 20. Nxb6 Bc8 21. Na4 Bd7 22. Nc3 Rb3 23. Rb1 Rfb8 24. Nd1 exd5 25. cxd5 Nf4 26. Bxf4 gxf4 27. Bc2 Rxh3 28. gxh3 Kh8 29. f3 Rg8+ 30. Kh1 Qh4 0-1